| 000 | 00532nam a2200217Ia 4500 | ||
|---|---|---|---|
| 003 | OSt | ||
| 005 | 20220928143539.0 | ||
| 006 | a|||||r|||| 00| 0 | ||
| 007 | ta | ||
| 008 | 220927b |||||||| |||| 00| 0 eng d | ||
| 024 | _a22545 | ||
| 037 | _cTextual | ||
| 040 |
_aSDCL _cSDCL _beng |
||
| 041 |
_2eng _aeng |
||
| 082 | _aW691, L3 | ||
| 100 |
_aGripp Richard C _9505743 |
||
| 245 | 0 | _aPolitical system of Communism | |
| 260 | _c1973 | ||
| 942 |
_hW691, L3 _cTEXL _2CC |
||
| 999 |
_c824538 _d824538 |
||